Normal view
MARC view
Entry Personal Name
001 - CONTROL NUMBER
- control field: 76704
003 - CONTROL NUMBER IDENTIFIER
- control field: OSt
005 - DATE AND TIME OF LATEST TRANSACTION
- control field: 20230321104242.0
008 - FIXED-LENGTH DATA ELEMENTS
- fixed length control field: 230321|| aca||aabn | a|a d
040 ## - CATALOGING SOURCE
- Original cataloging agency: OSt
- Transcribing agency: OSt
100 ## - HEADING--PERSONAL NAME
- Personal name: CHATTERJEE (Satya Saran)
670 ## - SOURCE DATA FOUND
- Source citation: Work cat.: (OSt)93825: CHATTERJEE (Satya Saran)., Introduction to Management: Its Principles and Techniques., 1988